AI ren gong zhi neng. (Record no. 203864)

MARC details
000 -LEADER
fixed length control field 01157nam a2200301 i 4500
005 - DATE AND TIME OF LATEST TRANSACTION
control field 20260416114907.0
008 - FIXED-LENGTH DATA ELEMENTS--GENERAL INFORMATION
fixed length control field 260415t20252025my ao br 000 0 chi d
020 ## - INTERNATIONAL STANDARD BOOK NUMBER
International Standard Book Number 9786294981171
Terms of availability RM19.95
Qualifying information paperback
040 ## - CATALOGING SOURCE
Original cataloging agency PPAK
Language of cataloging eng
Transcribing agency PPAK
Description conventions rda
082 04 - DEWEY DECIMAL CLASSIFICATION NUMBER
Edition number 23
Classification number 006.3076
090 00 - LOCALLY ASSIGNED LC-TYPE CALL NUMBER (OCLC); LOCAL CALL NUMBER (RLIN)
Classification number (OCLC) (R) ; Classification number, CALL (RLIN) (NR) 006.3076
Feature heading ART
Feature heading K
245 00 - TITLE STATEMENT
Linkage 880-01
Title AI ren gong zhi neng.
Number of part/section of a work Di er juan /
Statement of responsibility, etc. Wang Wanliang
246 33 - VARYING FORM OF TITLE
Title proper/short title Artificial Intelligence
264 #1 - PRODUCTION, PUBLICATION, DISTRIBUTION, MANUFACTURE, AND COPYRIGHT NOTICE
Place of production, publication, distribution, manufacture Johor Bahru, Johor :
Name of producer, publisher, distributor, manufacturer Penerbitan Pelangi Sdn. Bhd,
Date of production, publication, distribution, manufacture, or copyright notice [2025]
Date of production, publication, distribution, manufacture, or copyright notice ©2025
300 ## - PHYSICAL DESCRIPTION
Extent viii, 80 pages :
Other physical details colour illustrations, colour photographs ;
Dimensions 26 cm+
Accompanying material 1 booklet
336 ## - CONTENT TYPE
Content type term text
Source rdacontent
337 ## - MEDIA TYPE
Media type term unmediated
Source rdamedia
338 ## - CARRIER TYPE
Carrier type term volume
Source rdacarrier
500 ## - GENERAL NOTE
General note Includes questions and exercises.
521 ## - TARGET AUDIENCE NOTE
Target audience note Recommended for year 5 and 6.
650 10 - SUBJECT ADDED ENTRY--TOPICAL TERM
Topical term or geographic name entry element Artificial intelligence
Topical term or geographic name entry element Artificial intelligence
Form subdivision Problems, exercises, etc.
Topical term or geographic name entry element Artificial intelligence
General subdivision Study and teaching (Primary)
700 1# - ADDED ENTRY--PERSONAL NAME
Personal name Wang, Wanliang,
Relator term editor.
880 00 - ALTERNATE GRAPHIC REPRESENTATION
Linkage 245-01/$1
a AI人工智能.
n 第二卷 / 王万良主编
942 ## - ADDED ENTRY ELEMENTS (KOHA)
Source of classification or shelving scheme Dewey Decimal Classification
Koha item type Book
Holdings
Withdrawn Not for loan Current library Shelving location Date acquired Total Checkouts Full call number Barcode Checked out Date last seen Date last checked out Koha item type
    Perpustakaan Alor Setar Pinjaman Kanak-kanak 19/04/2026 1 K 006.3076 ART A01906289 21/07/2026 21/06/2026 21/06/2026 Book